Traditional system and practices of conflict resolution : (Record no. 2154)

MARC details
000 -LEADER
fixed length control field 00674nam a2200217 a 4500
003 - CONTROL NUMBER IDENTIFIER
control field BD-DhJNU
005 - DATE AND TIME OF LATEST TRANSACTION
control field 20250923050138.0
008 - FIXED-LENGTH DATA ELEMENTS--GENERAL INFORMATION
fixed length control field 250501s2019 ii a b 001 0 eng
022 ## - INTERNATIONAL STANDARD SERIAL NUMBER
International Standard Serial Number 2373-6615
040 ## - CATALOGING SOURCE
Original cataloging agency BD-DhJNU
Language of cataloging ENG
Transcribing agency BD-DhJNU
Modifying agency BD-DhJNU
082 00 - DEWEY DECIMAL CLASSIFICATION NUMBER
Classification number 303.69 TRA
Edition number 23
245 10 - TITLE STATEMENT
Title Traditional system and practices of conflict resolution :
Remainder of title the journal of living together /
Statement of responsibility, etc. Edited by Basil Ugorji
260 ## - PUBLICATION, DISTRIBUTION, ETC.
Place of publication, distribution, etc. New York :
Name of publisher, distributor, etc. ICERM,
Date of publication, distribution, etc. 2019.
300 ## - PHYSICAL DESCRIPTION
Extent 284 p. :
Other physical details ill. ;
Dimensions 24 cm.
490 ## - SERIES STATEMENT
Volume/sequential designation Vol: 6, Issue 1
504 ## - BIBLIOGRAPHY, ETC. NOTE
Bibliography, etc. note Includes bibliographical references
650 #0 - SUBJECT ADDED ENTRY--TOPICAL TERM
Topical term or geographic name entry element Customary law
650 #0 - SUBJECT ADDED ENTRY--TOPICAL TERM
Topical term or geographic name entry element Mediation
700 1# - ADDED ENTRY--PERSONAL NAME
Personal name Basil Ugorji
Relator term Editor
942 ## - ADDED ENTRY ELEMENTS (KOHA)
Koha item type Books
Holdings
Withdrawn status Lost status Source of classification or shelving scheme Damaged status Not for loan Collection Home library Current library Shelving location Date acquired Source of acquisition Total checkouts Full call number Barcode Date last seen Copy number Price effective from Koha item type
    Dewey Decimal Classification     Non-fiction Jagannath University Central Library Jagannath University Central Library General stacks 09/23/2025 Purchased   303.69 TRA JNUCL35865 09/23/2025 1 09/23/2025 Books
    Dewey Decimal Classification     Non-fiction Jagannath University Central Library Jagannath University Central Library General stacks 09/23/2025 Purchased   303.69 TRA JNUCL35866 09/23/2025 2 09/23/2025 Books